Kpop Groups By Company - Statistics

General Stats
  • This quiz has been taken 99 times
  • The average score is 37 of 91
Answer Stats
Hint Answer % Correct
BIGHIT MUSIC BTS
91%
BELIFT LAB ENHYPEN
90%
JYP TWICE
90%
YG BLACKPINK
88%
JYP Stray Kids
88%
SM aespa
87%
SM NCT
85%
STARSHIP IVE
82%
ADOR Newjeans
82%
BELIFT LAB ILLIT
79%
PLEDIS SEVENTEEN
79%
BIGHIT MUSIC TXT
78%
JYP ITZY
77%
YG BABYMONSTER
74%
KOZ BOYNEXTDOOR
74%
CUBE i-dle
73%
SM Hearts2Hearts
71%
KQ ATEEZ
69%
HYBE UMG KATSEYE
69%
SOURCE MUSIC LE SSERAFIM
69%
BIGHIT MUSIC CORTIS
68%
YG TREASURE
68%
SM Red Velvet
67%
SM EXO
65%
THEBLACKLABEL ALLDAY PROJECT
63%
JYP NMIXX
63%
WAKEONE ZEROBASEONE
63%
SM SHINee
62%
SM RIIZE
60%
SM Girls' Generation
59%
JYP 2PM
58%
PLEDIS TWS
58%
STARSHIP KiiiKiii
55%
SM SUPER JUNIOR
53%
THEBLACKLABEL MEOVV
50%
JYP KickFlip
49%
FNC P1Harmony
49%
JYP Day6
44%
SOURCE MUSIC GFRIEND
44%
STARSHIP MONSTA X
42%
HYBE LATIN AMERICA SANTOS BRAVOS
42%
YX LABELS &TEAM
40%
RBW MAMAMOO
40%
SM TVXQ!
40%
YG WINNER
40%
STARSHIP CRAVITY
38%
WAKEONE Kep1er
37%
KQ xikers
37%
WAKEONE ALPHA DRIVE ONE
36%
JYP NEXZ
36%
JYP Xdinary Heroes
36%
WAKEONE izna
35%
JYP NiziU
31%
MODHAUS tripleS
29%
JYP GIRLSET
28%
JYP BOY STORY
26%
KQ Block B
24%
STARSHIP IDID
24%
STARSHIP WJSN
24%
WAKEONE I.O.I
21%
P NATION TNX
19%
FNC AxMxP
18%
FNC SF9
18%
DSP Media KARD
17%
WM XLOV
17%
FNC AMPERS&ONE
15%
MYSTIC STORY Billlie
15%
CUBE LIGHTSUM
15%
WM OH MY GIRL
15%
P NATION Baby DONT Cry
13%
Jellyfish EVNNE
12%
RBW ONEWE
12%
Jellyfish VERIVERY
12%
FNC CNBLUE
10%
DSP Media YOUNG POSSE
10%
YH AND2BLE
9%
MODHAUS ARTMS
9%
MODHAUS idntt
9%
Jellyfish VIXX
9%
TOP MEDIA MCND
8%
FNC N.Flying
8%
MYSTIC STORY ARrc
6%
FNC FTISLAND
6%
CUBE NOWZ
6%
YH TEMPEST
6%
JCONIC aoen
5%
TOP MEDIA TEEN TOP
5%
JYP CIIU
4%
MYSTIC STORY LUCY
4%
MYSTIC STORY BROWN EYED GIRLS
3%
TOP MEDIA ODD YOUTH
0%
No matching quizzes found
Score Distribution
Percent of People with Each Score
Percentile by Number Answered
Your Score History
You have not taken this quiz